Cargando...

Basic chemistry of life

Detalles Bibliográficos
Autor principal: Toporek, Milton
Formato: Printed Book
Lenguaje:English
Publicado: New York Appleton-Century-Crofts 1975
Edición:2nd ed
Materias:
LEADER 00836nam a2200253 a 4500
001 adlib96000001
003 ViArRB
005 20151026130713.0
008 960221s1955 dcuabcdjdbkoqu001 0deng d
020
022
040 |a Adlib 
082 |a 577.1 
245 |a Basic chemistry of life 
250 |a 2nd ed 
260 |a New York  |b Appleton-Century-Crofts  |c 1975 
300 |a xiv,535p. 
500 |a   
100 |a Toporek, Milton 
700
942 |c BK  |6 _ 
653 |a Biological chemistry  |a Chemistry, Biological  |a Chemistry, Physiological  |a Biochemistry  |a clinical chemistry  |a metabolism  |a Molecular biology  |a Nucleic acids  |a Proteins  |a Steroids  |a Biology  |a Chemistry  |a Medicine 
999 |c 11112  |d 11112 
952 |0 0  |1 0  |4 0  |6 5771_TOP  |7 0  |9 22568  |a UL  |b UL  |d 2010-06-16  |l 6  |m 1  |o 577.1 TOP  |p 00004161  |r 2015-05-19  |s 2015-05-12  |w 2010-06-16  |y BK